00608 2200217 4500001002100000005001700021008004100038035002400079082001300103090002000116100001900136245005200155260007900207300001900286650002300305850001500328980001300343985000600356986001300362999001500375YOGYA-0209000001652120090227022646.0 ind  0010-020900000016521 a398.1116 a398.1116bKob K aKOBAT, Fatimah aKumpulan cerita rakyat Gayocoleh Fatimah Kobat aJakartabDedikbud Proyek Penerbitan Buku Sastra Indonesia dan Daerahc1987 a172 hlmc21 cm aCerita rakyat Gayo aYOPDYOG(B) a21-10-05 a1 afwhrtrev aA000004822